| 000 | 00721nam a2200217 a 4500 | ||
|---|---|---|---|
| 005 | 20221111063531.0 | ||
| 008 | 991125s1994 mad 000 0 spa u | ||
| 020 | _a8487840507 | ||
| 035 | _aUPN01000023046 | ||
| 049 | _aCG | ||
| 050 | 4 |
_aBJ1725 _bS5.3 |
|
| 111 | 2 |
_aSimposio de Profesores de la Universidad Pontificia Comillas _d(1993 : _cMadrid) |
|
| 245 | 1 | 0 |
_aEtica de las profesiones / _ccomp. José Luis Fernández. |
| 260 |
_aMadrid : _bUniversidad Pontificia Comillas, _c1994. |
||
| 300 | _a199 p. | ||
| 440 | 0 |
_aSerie V. Documentos de trabajo ; _v18 |
|
| 650 | 2 |
_aÉtica profesional _96936 |
|
| 700 | 1 |
_aFernández Fernández, José Luis, _ecomp. |
|
| 700 | 1 |
_aHortal Alonso, Augusto, _ecomp. |
|
| 905 | _aLibro | ||
| 999 |
_c23046 _d23046 |
||